| 000 -LEADER |
| fixed length control field |
00961cam a2200301 i 4500 |
| 001 - CONTROL NUMBER |
| control field |
.b54463944 |
| 003 - CONTROL NUMBER IDENTIFIER |
| control field |
OCoLC |
| 005 - DATE AND TIME OF LATEST TRANSACTION |
| control field |
20191206111013.0 |
| 008 - FIXED-LENGTH DATA ELEMENTS--GENERAL INFORMATION |
| fixed length control field |
190720t20152013enka j 000 f eng d |
| 020 ## - INTERNATIONAL STANDARD BOOK NUMBER |
| International Standard Book Number |
9780141355481 |
| Qualifying information |
(pbk.) |
| 020 ## - INTERNATIONAL STANDARD BOOK NUMBER |
| International Standard Book Number |
0141355484 |
| Qualifying information |
(pbk.) |
| 035 ## - SYSTEM CONTROL NUMBER |
| System control number |
(OCoLC)904325496 |
| Canceled/invalid control number |
(OCoLC)1015459414 |
| 040 ## - CATALOGING SOURCE |
| Original cataloging agency |
UKBOR |
| Language of cataloging |
eng |
| Description conventions |
rda |
| Transcribing agency |
UKBOR |
| Modifying agency |
OCLCQ |
| -- |
OCL |
| -- |
OCLCO |
| -- |
DHA |
| -- |
OCLCF |
| -- |
NTNU |
| 042 ## - AUTHENTICATION CODE |
| Authentication code |
nbic |
| 082 ## - DEWEY DECIMAL CLASSIFICATION NUMBER |
| Classification number |
FIC KIN |
| 100 1# - MAIN ENTRY--PERSONAL NAME |
| Personal name |
Kinney, Jeff, |
| Relator term |
author. |
| 245 10 - TITLE STATEMENT |
| Title |
Diary of a wimpy kid : |
| Remainder of title |
hard luck / |
| Statement of responsibility, etc. |
by Jeff Kinney. |
| 264 #1 - PRODUCTION, PUBLICATION, DISTRIBUTION, MANUFACTURE, AND COPYRIGHT NOTICE |
| Place of production, publication, distribution, manufacture |
[London] : |
| Name of producer, publisher, distributor, manufacturer |
Puffin Books, |
| Date of production, publication, distribution, manufacture, or copyright notice |
2015. |
| 264 #4 - PRODUCTION, PUBLICATION, DISTRIBUTION, MANUFACTURE, AND COPYRIGHT NOTICE |
| Date of production, publication, distribution, manufacture, or copyright notice |
©2013. |
| 300 ## - PHYSICAL DESCRIPTION |
| Extent |
217 pages : |
| Other physical details |
illustrations ; |
| Dimensions |
20 cm. |
| 336 ## - CONTENT TYPE |
| Content type term |
text |
| Content type code |
txt |
| Source |
rdacontent. |
| 337 ## - MEDIA TYPE |
| Media type term |
unmediated |
| Media type code |
n |
| Source |
rdamedia. |
| 338 ## - CARRIER TYPE |
| Carrier type term |
volume |
| Carrier type code |
nc |
| Source |
rdacarrier. |
| 490 1# - SERIES STATEMENT |
| Series statement |
Diary of a wimpy kid ; |
| Volume/sequential designation |
Bk 8. |
| 500 ## - GENERAL NOTE |
| General note |
Originally published: 2013. |
| 650 #0 - SUBJECT ADDED ENTRY--TOPICAL TERM |
| Topical term or geographic name entry element |
Heffley, Greg (Fictitious character) |
| Form subdivision |
Juvenile fiction. |
| 942 ## - ADDED ENTRY ELEMENTS (KOHA) |
| Source of classification or shelving scheme |
|
| Koha item type |
Books - Fiction |